Právo na prerokovanie vecí v prítomnosti účastníka konania (niekoľko úvah)

Prerokovanie v prítomnosti účastníka konania, odročenie pojednávania, dôležitý dôvod, zdravotný stav účastníka konania.

Uložené v:
Podrobná bibliografia
Hlavný autor: Magurová, Hana, 1986-
Médium: Kapitola
Jazyk:Slovak
Predmet:
Tagy: Pridať tag
Žiadne tagy, Buďte prvý, kto otaguje tento záznam!

MARC

LEADER 00000nla a2200000 4500
001 0200274
005 20240502073404.3
041 0 |a slo 
044 |a SK 
245 1 0 |a Právo na prerokovanie vecí v prítomnosti účastníka konania (niekoľko úvah)  |c Hana Magurová 
520 |a Prerokovanie v prítomnosti účastníka konania, odročenie pojednávania, dôležitý dôvod, zdravotný stav účastníka konania. 
610 2 0 |a konanie súdne občianske 
610 2 0 |a ochrana ľudských práv 
100 1 |a Magurová, Hana, 1986-